[Event "Mittelrhein Verbandsliga-S 18/19"]
[Site "Nordrheinwestfalen"]
[Date "2019.04.07"]
[Round "9.1"]
[White "Hemmann, Arnold"]
[Black "Fuss, Jean Pierre"]
[Result "1/2-1/2"]
[WhiteElo "2084"]
[BlackElo "1950"]
[PlyCount "51"]
[EventDate "2018.09.02"]
[EventType "team-tourn"]
[EventRounds "11"]
[EventCountry "GER"]
[SourceTitle "EXT 2022"]
[Source "ChessBase"]
[SourceDate "2021.10.06"]
[SourceVersion "1"]
[SourceVersionDate "2021.10.06"]
[SourceQuality "1"]
[WhiteTeam "Rheinbacher SF"]
[BlackTeam "St Augustin Turm"]
[WhiteTeamCountry "GER"]
[BlackTeamCountry "GER"]

1. e4 c5 2. b3 Nc6 3. Bb2 Nf6 4. e5 Nd5 5. Nf3 d6 6. Bb5 Bd7 7. exd6 e6 8. 0-0 Bxd6 9. d4 Nxd4 10. Nxd4 cxd4 11. Bxd7+ Qxd7 12. Qxd4 Qc7 13. Qa4+ Ke7 14. Bxg7 Rhg8 15. Qh4+ Kd7 16. Qxh7 Nf4 17. Nd2 Qc6 18. Nf3 Nxg2 19. Kxg2 Qc3 20. Qh3 Qxg7+ 21. Kh1 Rh8 22. Qg2 Qxg2+ 23. Kxg2 Rag8+ 24. Kh1 Rh3 25. Rg1 Rgh8 26. Kg2 1/2-1/2

[Event "Oberliga NRW 1617"]
[Site "Germany"]
[Date "2016.09.25"]
[Round "1.6"]
[White "Osswald, Luis Monty"]
[Black "Hemmann, Arnold"]
[Result "1/2-1/2"]
[WhiteElo "2122"]
[BlackElo "2167"]
[PlyCount "43"]
[EventDate "2016.09.25"]
[EventType "team-tourn"]
[EventRounds "9"]
[EventCountry "GER"]
[SourceTitle "EXT 2020"]
[Source "ChessBase"]
[SourceDate "2019.10.17"]
[SourceVersion "1"]
[SourceVersionDate "2019.10.17"]
[SourceQuality "1"]
[WhiteTeam "Ennepe Ruhr Sued"]
[BlackTeam "Godesberg"]
[WhiteTeamCountry "GER"]
[BlackTeamCountry "GER"]

1. e4 c5 2. Nf3 Nf6 3. Nc3 Nc6 4. d4 d5 5. exd5 Nxd5 6. Ne4 cxd4 7. Nxd4 Nc7 8. Be3 Nxd4 9. Qxd4 Qxd4 10. Bxd4 f6 11. f4 b6 12. Be2 Bb7 13. Bf3 0-0-0 14. 0-0-0 e6 15. a4 Be7 16. Bf2 Kb8 17. c3 h6 18. Bg3 Kc8 19. Bf2 Kb8 20. Bg3 Kc8 21. Bf2 Kb8 22. Bg3 1/2-1/2

[Event "NRW Class2 0910"]
[Site "Germany"]
[Date "2010.02.21"]
[Round "7.6"]
[White "Heuermann, Heinz Burkhard"]
[Black "Hemmann, Arnold"]
[Result "1/2-1/2"]
[WhiteElo "2079"]
[BlackElo "2162"]
[PlyCount "70"]
[EventDate "2009.09.20"]
[EventType "team-tourn"]
[EventRounds "9"]
[EventCountry "GER"]
[SourceTitle "EXT 2011"]
[Source "ChessBase"]
[SourceDate "2010.11.26"]
[SourceVersion "1"]
[SourceVersionDate "2010.11.26"]
[SourceQuality "1"]
[WhiteTeam "Herford"]
[BlackTeam "Godesberg II"]
[WhiteTeamCountry "GER"]
[BlackTeamCountry "GER"]

1. c4 c5 2. Nc3 Nc6 3. g3 g6 4. Bg2 Bg7 5. e3 e6 6. Nge2 Nge7 7. d4 cxd4 8. Nxd4 Nxd4 9. exd4 d5 10. cxd5 Nxd5 11. Nxd5 exd5 12. Qe2+ Be6 13. Qb5+ Qd7 14. Qxd7+ Kxd7 15. Be3 Rac8 16. Kd2 Rc4 17. b3 Rb4 18. Rac1 Rb6 19. Rc2 Rc8 20. Rxc8 Kxc8 21. Rc1+ Kd7 22. Bf1 a6 23. Be2 Bf8 24. g4 Ba3 25. Rc2 Bb4+ 26. Kd3 h5 27. h3 hxg4 28. hxg4 Rc6 29. Bf4 Rxc2 30. Kxc2 Be7 31. Be5 Bh4 32. f3 Ke7 33. b4 Bd7 34. Kb3 Bf2 35. g5 b5 1/2-1/2

[Event "NRW Class2 0910"]
[Site "Germany"]
[Date "2010.02.01"]
[Round "6.6"]
[White "Hemmann, Arnold"]
[Black "Tkachuk, Konstantyn"]
[Result "1/2-1/2"]
[WhiteElo "2162"]
[BlackElo "2177"]
[PlyCount "42"]
[EventDate "2009.09.20"]
[EventType "team-tourn"]
[EventRounds "9"]
[EventCountry "GER"]
[SourceTitle "EXT 2011"]
[Source "ChessBase"]
[SourceDate "2010.11.26"]
[SourceVersion "1"]
[SourceVersionDate "2010.11.26"]
[SourceQuality "1"]
[WhiteTeam "Godesberg II"]
[BlackTeam "Bochum SG II"]
[WhiteTeamCountry "GER"]
[BlackTeamCountry "GER"]

1. e4 e5 2. Nf3 Nc6 3. d4 exd4 4. Nxd4 Bc5 5. Nb3 Bb6 6. Nc3 Qf6 7. Qe2 Nge7 8. h4 0-0 9. Bg5 Qg6 10. 0-0-0 d6 11. f4 f5 12. g4 fxg4 13. f5 Qf7 14. Qxg4 Kh8 15. Qg2 Bd7 16. Be2 Rae8 17. Rhf1 Ng8 18. Nd5 Nf6 19. Bc4 Qh5 20. Be2 Qf7 21. Bc4 Qh5 1/2-1/2

[Event "Oberliga NRW 0809"]
[Site "Germany"]
[Date "2009.03.22"]
[Round "8.8"]
[White "Hemmann, Arnold"]
[Black "Frombach, Ralf"]
[Result "1-0"]
[WhiteElo "2154"]
[BlackElo "2207"]
[PlyCount "83"]
[EventDate "2008.09.21"]
[EventType "team-tourn"]
[EventRounds "9"]
[EventCountry "GER"]
[SourceTitle "EXT 2010"]
[Source "ChessBase"]
[SourceDate "2010.11.25"]
[SourceVersion "1"]
[SourceVersionDate "2010.11.25"]
[SourceQuality "1"]
[WhiteTeam "Godesberg II"]
[BlackTeam "Aachen"]
[WhiteTeamCountry "GER"]
[BlackTeamCountry "GER"]

1. e4 c5 2. b3 b6 3. Nc3 g6 4. Bb2 Bg7 5. f4 Bb7 6. Bd3 Nc6 7. a3 d6 8. Nf3 e6 9. 0-0 Nge7 10. f5 Nd4 11. fxe6 Nxe6 12. Na4 Bxb2 13. Nxb2 0-0 14. Qe1 Nc6 15. Qg3 Ncd4 16. Nxd4 Nxd4 17. Rae1 Qc7 18. Nd1 Rae8 19. Nf2 h5 20. Nh3 Re5 21. Nf4 Qe7 22. h4 Kh7 23. Nh3 Kg7 24. Ng5 f6 25. Nh3 Kh7 26. Nf4 Qg7 27. b4 Ne6 28. Nxe6 Rxe6 29. Bc4 Re5 30. d3 Rfe8 31. Qf4 d5 32. Bb3 dxe4 33. dxe4 f5 34. Rd1 Bxe4 35. Rd6 R8e7 36. Rfd1 cxb4 37. axb4 Qh6 38. Qg3 f4 39. Qh3 f3 40. Rd8 Qe3+ 41. Kh2 fxg2 42. Qxe3 1-0

[Event "Oberliga NRW 0607"]
[Site "Germany"]
[Date "2007.04.15"]
[Round "8.6"]
[White "Hemmann, Arnold"]
[Black "Zajogin, Alexander"]
[Result "1/2-1/2"]
[WhiteElo "2217"]
[BlackElo "2391"]
[PlyCount "49"]
[EventDate "2006.09.17"]
[EventType "team-tourn"]
[EventRounds "9"]
[EventCountry "GER"]
[SourceTitle "EXT 2008"]
[Source "ChessBase"]
[SourceDate "2007.11.25"]
[SourceVersion "1"]
[SourceVersionDate "2007.11.25"]
[SourceQuality "1"]
[WhiteTeam "Godesberg II"]
[BlackTeam "Betzdorf Kirchen"]
[WhiteTeamCountry "GER"]
[BlackTeamCountry "GER"]

1. e4 e5 2. Nf3 Nc6 3. d4 exd4 4. Nxd4 Nf6 5. Nxc6 bxc6 6. Qd4 Qe7 7. Nc3 Qb4 8. Qe5+ Be7 9. a3 Qb6 10. Be2 d6 11. Qg3 0-0 12. 0-0 Re8 13. Rb1 Nd7 14. Be3 Qb8 15. f4 a5 16. Bd4 Bf8 17. b3 Ba6 18. Bxa6 Rxa6 19. Rbe1 Qd8 20. a4 Ra8 21. Nd1 c5 22. Bb2 c4 23. Nf2 cxb3 24. cxb3 Nf6 25. e5 1/2-1/2